20 Bands on R - Statistics

General Stats
  • This quiz has been taken 18 times
  • The average score is 7 of 20
Answer Stats
Answer % Correct
Radiohead
85%
the Rolling Stones
85%
R.E.M
62%
Rush
62%
Rage Against the Machine
54%
Rammstein
54%
Ramones
54%
Red Hot Chili Peppers
46%
Rancid
31%
Röyksopp
31%
the Ronettes
31%
Refused
23%
Republica
23%
the Runaways
23%
Run-DMC
15%
the Raincoats
15%
Roxette
8%
Roxy Music
8%
the Radio Dept.
8%
the Real Thing
0%
No matching quizzes found
Score Distribution
Percent of People with Each Score
Percentile by Number Answered
Your Score History
You have not taken this quiz